00269nam a22001217a 4500008004100000020001800041041000800059080000700067082000700074100000700081101000800088245005100096210430b ||||| |||| 00| 0 eng d a9780742512030 aeng a32 a32 a19 aSHP aVarieties of Feminist LiberalismcAmy R. Baehr